[Event "Dundee & Angus Challengers"]
[Site "?"]
[Date "2012.10.13"]
[Round "3"]
[White "Bauld, Robin W"]
[Black "Macgilchrist, Siegrun"]
[Result "1-0"]
[WhiteElo "1728"]
[BlackElo "1573"]
[PlyCount "125"]
[EventDate "2012.??.??"]

1. e4 c6 2. d4 d5 3. Nd2 dxe4 4. Nxe4 Bf5 5. Ng3 Bg6 6. h4 h6 7. Nf3 Nd7 8. h5
Bh7 9. Bd3 Bxd3 10. Qxd3 e6 11. Bd2 Ngf6 12. Qe2 Bd6 13. O-O-O Qc7 14. Ne4 Nxe4
15. Qxe4 O-O-O 16. Kb1 Nf6 17. Qe2 Qb6 18. Ne5 Rhf8 19. Nc4 Qc7 20. Rh3 Nd5 21.
Nxd6+ Qxd6 22. c3 Nf4 23. Bxf4 Qxf4 24. Qf3 Qxf3 25. Rxf3 Rd5 26. g4 c5 27.
Rfd3 cxd4 28. Rxd4 Rxd4 29. Rxd4 f6 30. Kc2 e5 31. Rd5 Rf7 32. Kd3 Rc7 33. Ke4
Rc4+ 34. Kf3 Rf4+ 35. Kg3 Re4 36. Kf3 Re1 37. Rd2 Kc7 38. c4 Rc1 39. b3 a6 40.
Ke4 Rc3 41. Kf5 Rf3+ 42. Kg6 Rf4 43. Kxg7 Rxg4+ 44. Kxh6 Rg2 45. Kh7 e4 46. Re2
f5 47. h6 Kc6 48. Kh8 Kd6 49. h7 Ke6 50. Re3 Rxf2 51. Rg3 f4 52. Rg6+ Kf5 53.
Kg7 Rh2 54. Rh6 Rd2 55. Rf6+ Kg4 56. h8=Q Rd7+ 57. Kg6 f3 58. Qc8 Kg3 59. Qxd7
Kg2 60. Qg4+ Kf1 61. Qxe4 f2 62. Qh1+ Ke2 63. Qg2 1-0

[Event "Dundee & Angus Challengers"]
[Site "?"]
[Date "2012.10.13"]
[Round "3"]
[White "Parks, Joe"]
[Black "Stevenson, Frank C"]
[Result "1-0"]
[WhiteElo "1844"]
[BlackElo "1695"]
[PlyCount "100"]
[EventDate "2012.??.??"]

1. d4 Nf6 2. c4 g6 3. Nc3 Bg7 4. e4 d6 5. f4 O-O 6. Nf3 c5 7. e5 Ng4 8. d5 dxe5
9. h3 e4 10. Nxe4 f5 11. hxg4 fxe4 12. Ng5 h6 13. Nxe4 e5 14. f5 gxf5 15. gxf5
Bxf5 16. Bd3 Bxe4 17. Bxe4 Qf6 18. Be3 Nd7 19. Qe2 Qd6 20. Qh5 Nf6 21. Qg6 Nxe4
22. Qxe4 Rf6 23. O-O-O Raf8 24. Rh5 Rf1 25. Rxf1 Rxf1+ 26. Kc2 b6 27. g4 Qf6
28. g5 hxg5 29. Rxg5 Rf3 30. Kd2 Kf7 31. Rg6 Qxg6 32. Qxf3+ Qf6 33. Qxf6+ Bxf6
34. Kd3 Ke7 35. Ke4 Kd6 36. b3 a6 37. Kf5 Bd8 38. Bh6 b5 39. Bg7 bxc4 40. bxc4
Bb6 41. Bxe5+ Kd7 42. Bf4 Ba7 43. Ke4 Bb6 44. Kf5 Ba5 45. Be5 Be1 46. Bb8 Bf2
47. Ke4 Bg1 48. Bf4 Bd4 49. Be3 Bxe3 50. Kxe3 Kd6 1-0

[Event "Dundee & Angus Challengers"]
[Site "?"]
[Date "2012.10.13"]
[Round "3"]
[White "Clinton, William"]
[Black "McGovern, Patrick"]
[Result "0-1"]
[WhiteElo "1651"]
[BlackElo "1725"]
[PlyCount "106"]
[EventDate "2012.??.??"]

1. e4 c5 2. Nc3 Nc6 3. f4 d6 4. Nf3 Nf6 5. Bc4 e6 6. d3 Be7 7. O-O O-O 8. a4 a6
9. Qe1 Bd7 10. Qg3 h6 11. f5 Kh8 12. fxe6 Bxe6 13. Bxe6 fxe6 14. Qh3 Qd7 15.
Bd2 e5 16. Qxd7 Nxd7 17. Nd5 Rf7 18. Rf2 Raf8 19. Raf1 Bd8 20. b3 Kg8 21. Ne3
g6 22. Nc4 Be7 23. Bxh6 Rd8 24. Ng5 Rxf2 25. Rxf2 Nf6 26. h3 b5 27. axb5 axb5
28. Ne3 Nd4 29. Nf3 Ne6 30. Nd5 Nxd5 31. exd5 Nc7 32. c4 Ra8 33. Bg5 Bf8 34.
Rb2 b4 35. Nd2 Ne8 36. Ne4 Ng7 37. Bh6 Be7 38. Bg5 Bxg5 39. Nxg5 Nf5 40. Ne4
Ra6 41. Kf2 Nd4 42. Kg3 Ra3 43. Nd2 Ne2+ 44. Kg4 Nf4 45. Ne4 Nxd3 46. Rb1 Ra2
47. g3 Nf2+ 48. Nxf2 Rxf2 49. Kg5 Kg7 50. Ra1 Rf7 51. Ra6 Rd7 52. h4 Kf7 53. g4
Kg7 0-1

[Event "Dundee & Angus Challengers"]
[Site "?"]
[Date "2012.10.13"]
[Round "3"]
[White "Thomas, Daniel R"]
[Black "Emery, Keith"]
[Result "1-0"]
[WhiteElo "1741"]
[BlackElo "1681"]
[PlyCount "121"]
[EventDate "2012.??.??"]

1. d4 Nf6 2. c4 g6 3. Bg5 Bg7 4. Nc3 O-O 5. Nf3 d6 6. e3 Nbd7 7. Be2 Re8 8. O-O
e5 9. d5 h6 10. Bxf6 Nxf6 11. Nd2 Nh7 12. e4 f5 13. Kh1 fxe4 14. Ndxe4 Ng5 15.
Qd3 Nxe4 16. Nxe4 Bf5 17. g4 Bxe4+ 18. Qxe4 Qg5 19. Bd3 Kh7 20. Rae1 Rf8 21. f3
Rf4 22. Qe3 Rd4 23. Qxg5 hxg5 24. Rd1 Rf8 25. b3 Bf6 26. Be4 Rxd1 27. Rxd1 Kg7
28. Kg2 Rh8 29. b4 b6 30. Rd3 Ra8 31. c5 Bd8 32. cxd6 cxd6 33. Rc3 a5 34. b5
Ra7 35. Rc6 Bc7 36. Kg3 Kh6 37. a4 Rb7 38. h4 gxh4+ 39. Kxh4 g5+ 40. Kg3 Kg7
41. Bf5 Kf6 42. Be4 Ke7 43. Kf2 Bd8 44. Ke3 Bc7 45. Bf5 Kf6 46. Bc8 Ra7 47. Ke4
Kg6 48. Bd7 Kf6 49. Be6 Rb7 50. Bf5 Ra7 51. Rc2 Bd8 52. Rc8 Bc7 53. Rg8 Rb7 54.
Rg6+ Kf7 55. Rxg5 Bb8 56. Rh5 Rc7 57. Rh7+ Kg8 58. Rxc7 Bxc7 59. Bd7 Kf7 60.
Kf5 Kf8 61. Ke6 1-0

[Event "Dundee & Angus Challengers"]
[Site "?"]
[Date "2012.10.13"]
[Round "3"]
[White "Sykes, Chris"]
[Black "Aitchison, A Keith"]
[Result "1-0"]
[WhiteElo "1840"]
[BlackElo "1618"]
[PlyCount "35"]
[EventDate "2012.??.??"]

1. d4 Nf6 2. Nc3 e6 3. e4 Bb4 4. e5 Nd5 5. Qg4 Nxc3 6. Qxg7 Rf8 7. a3 Be7 8.
bxc3 c5 9. Qxh7 Qa5 10. Bd2 cxd4 11. cxd4 Qb6 12. Qd3 Nc6 13. Nf3 d5 14. Be2
Rg8 15. O-O Rg4 16. c3 a6 17. Qh7 Nd8 18. h3 1-0

[Event "Dundee & Angus Challengers"]
[Site "?"]
[Date "2012.10.13"]
[Round "3"]
[White "Lawson, Robert"]
[Black "Smith, Stephen H"]
[Result "1-0"]
[WhiteElo "1605"]
[BlackElo "1708"]
[PlyCount "56"]
[EventDate "2012.??.??"]

1. d4 Nf6 2. Nf3 b6 3. e3 e6 4. Bd3 Bb7 5. Nbd2 Be7 6. Qe2 c5 7. c3 Nc6 8. O-O
O-O 9. dxc5 Bxc5 10. e4 e5 11. b4 Be7 12. b5 Na5 13. Nxe5 Qc7 14. Ndc4 Nxc4 15.
Nxc4 g6 16. Bb2 Rfe8 17. Nd2 Bd6 18. g3 Rac8 19. Qf3 Be5 20. Rfe1 Bxc3 21. Rac1
Qe5 22. Rxc3 Rxc3 23. Nc4 Qd4 24. Nd6 Bxe4 25. Bxe4 Nxe4 26. Qxf7+ Kh8 27.
Qxe8+ Kg7 28. Bxc3 Nxc3 1-0

[Event "Dundee & Angus Challengers"]
[Site "?"]
[Date "2012.10.14"]
[Round "4"]
[White "Grundy, Thomas"]
[Black "Thomas, Daniel R"]
[Result "1/2-1/2"]
[WhiteElo "1709"]
[BlackElo "1741"]
[PlyCount "51"]
[EventDate "2012.??.??"]

1. d4 d5 2. c4 Nc6 3. e3 e5 4. cxd5 Qxd5 5. Nc3 Bb4 6. Bd2 Bxc3 7. Bxc3 exd4 8.
Bxd4 Nxd4 9. Qxd4 Qxd4 10. exd4 Be6 11. Nf3 Rd8 12. b3 Ne7 13. Bc4 Bd5 14. Bxd5
Rxd5 15. O-O O-O 16. Rac1 Nc6 17. Rfe1 Rfd8 18. Ne5 Nxd4 19. Rxc7 Ne2+ 20. Kf1
Rxe5 21. f4 Re4 22. Rxe2 Rxf4+ 23. Ke1 a5 24. Rd7 Rc8 25. Rc7 Rd8 26. Rd7
1/2-1/2

[Event "Dundee & Angus Challengers"]
[Site "?"]
[Date "2012.10.14"]
[Round "4"]
[White "Deary, David"]
[Black "Sykes, Chris"]
[Result "1/2-1/2"]
[WhiteElo "1715"]
[BlackElo "1840"]
[PlyCount "60"]
[EventDate "2012.??.??"]

1. e4 c6 2. d4 d5 3. exd5 cxd5 4. Bd3 Nc6 5. c3 Nf6 6. Bf4 Bg4 7. Qb3 Qd7 8.
Nd2 e6 9. Ngf3 Bxf3 10. Nxf3 Bd6 11. Bg3 O-O 12. O-O Nh5 13. Rae1 Nf4 14. Qc2
Nxd3 15. Qxd3 h6 16. Ne5 Bxe5 17. Bxe5 b5 18. Qg3 Nxe5 19. Rxe5 Qd6 20. Qg4 b4
21. Rh5 bxc3 22. bxc3 Rac8 23. Rxh6 Rxc3 24. Rh4 f5 25. Qh5 Qc7 26. Qh7+ Kf7
27. Qh5+ Ke7 28. Qg5+ Kd6 29. Rh7 Rf7 30. Re1 Qe7 1/2-1/2

[Event "Dundee & Angus Challengers"]
[Site "?"]
[Date "2012.10.14"]
[Round "4"]
[White "McGovern, Patrick"]
[Black "Parks, Joe"]
[Result "1/2-1/2"]
[WhiteElo "1725"]
[BlackElo "1844"]
[PlyCount "68"]
[EventDate "2012.??.??"]

1. e4 d6 2. d4 Nf6 3. Nc3 e5 4. dxe5 dxe5 5. Qxd8+ Kxd8 6. Bc4 Be6 7. Bxe6 fxe6
8. Nf3 Nbd7 9. O-O Bd6 10. Bg5 a6 11. Rad1 Ke7 12. a3 h6 13. Bc1 g5 14. Nd2 b5
15. Nb3 Nc5 16. Nd2 Rhf8 17. Rde1 Nb7 18. Nd1 c5 19. Ne3 Na5 20. f3 c4 21. c3
Rad8 22. Kh1 Bc5 23. h3 Nh5 24. Kh2 Nf4 25. Ng4 Nd3 26. Re2 h5 27. Nf2 Nxc1 28.
Rxc1 Rxd2 29. Rxd2 Nb3 30. Rcc2 Nxd2 31. Rxd2 Be3 32. Re2 Bc1 33. Rc2 Be3 34.
Re2 Bc1 1/2-1/2

[Event "Dundee & Angus Challengers"]
[Site "?"]
[Date "2012.10.14"]
[Round "4"]
[White "Smith, John S R"]
[Black "Lawson, Robert"]
[Result "1/2-1/2"]
[WhiteElo "1745"]
[BlackElo "1605"]
[PlyCount "90"]
[EventDate "2012.??.??"]

1. e4 d6 2. d4 Nf6 3. Nc3 g6 4. f4 Bg7 5. Nf3 O-O 6. Bc4 c6 7. e5 dxe5 8. fxe5
Nd5 9. Nxd5 cxd5 10. Bd3 Nc6 11. c3 Qb6 12. Qc2 Bd7 13. Bf4 Rac8 14. Qd2 f6 15.
O-O-O fxe5 16. Nxe5 Nxe5 17. Bxe5 Bxe5 18. dxe5 Rf2 19. Be2 e6 20. Rhf1 Rcf8
21. Rxf2 Rxf2 22. Rf1 Rxf1+ 23. Bxf1 Qg1 24. Qe2 Qxh2 25. Kc2 Qf4 26. b3 a6 27.
a4 Bc6 28. Kb2 d4 29. cxd4 Qxd4+ 30. Ka2 Bd5 31. Qb2 Qxb2+ 32. Kxb2 Kf7 33. a5
Ke7 34. Kc3 Kd7 35. b4 h5 36. g3 g5 37. Kd4 Kc6 38. Ke3 Bb3 39. Kd4 b5 40. Be2
h4 41. gxh4 gxh4 42. Bg4 Bd5 43. Bh3 Bc4 44. Bg2+ Kd7 45. Bh3 Bd5 1/2-1/2

[Event "Dundee & Angus Challengers"]
[Site "?"]
[Date "2012.10.14"]
[Round "4"]
[White "Hargrave, Ian"]
[Black "Kleboe, James PR"]
[Result "1/2-1/2"]
[WhiteElo "1765"]
[BlackElo "1724"]
[PlyCount "106"]
[EventDate "2012.??.??"]

1. e4 c6 2. d4 d5 3. Nc3 dxe4 4. Nxe4 Nf6 5. Nxf6+ exf6 6. Nf3 Bd6 7. Bc4 O-O
8. O-O b5 9. Bb3 Bg4 10. h3 Bh5 11. Be3 Nd7 12. c3 f5 13. Re1 Qc7 14. Bc2 f4
15. Bc1 Rfe8 16. Bf5 Rxe1+ 17. Qxe1 Bxf3 18. gxf3 g6 19. Bd3 Nf6 20. a4 Re8 21.
Qf1 b4 22. Bd2 a5 23. cxb4 axb4 24. Qc1 Nh5 25. Qc4 c5 26. a5 Qe7 27. Re1 Qg5+
28. Kh2 Rxe1 29. Bxe1 Qe7 30. Be4 Kg7 31. dxc5 Bxc5 32. Qe2 Nf6 33. b3 Nxe4 34.
Qxe4 Qxe4 35. fxe4 Kf6 36. Kg2 Ke5 37. Kf3 g5 38. a6 h5 39. Bxb4 Ba7 40. Bc3+
Ke6 41. Ba5 Kd7 42. Be1 Kc6 43. h4 gxh4 44. Kxf4 Bb8+ 45. Kf3 Kb6 46. Bc3 h3
47. Bf6 Kxa6 48. Bh4 Kb5 49. Bg3 Ba7 50. Bd6 Kc6 51. e5 Kd5 52. Kg3 f6 53. f4
Bd4 1/2-1/2

[Event "Dundee & Angus Challengers"]
[Site "?"]
[Date "2012.10.14"]
[Round "4"]
[White "Smith, Stephen H"]
[Black "Llewellyn, Alan"]
[Result "1-0"]
[WhiteElo "1708"]
[BlackElo "1620"]
[PlyCount "173"]
[EventDate "2012.??.??"]

1. e4 Nf6 2. e5 Nd5 3. d4 d6 4. c4 Nb6 5. exd6 exd6 6. Nf3 Bg4 7. h3 Bh5 8. Bd3
Be7 9. O-O O-O 10. Nc3 c5 11. Be3 Nc6 12. g4 Bg6 13. Be2 Re8 14. Rc1 Nd7 15. d5
Nce5 16. Nxe5 Nxe5 17. f4 Nd7 18. f5 Bg5 19. Bxg5 Qxg5 20. fxg6 Re3 21. gxf7+
Kf8 22. Rf3 Ne5 23. Rxe3 Qxe3+ 24. Kg2 Kxf7 25. Qg1 Qd2 26. Qf2+ Kg8 27. Rf1
Qxb2 28. Nb5 Ng6 29. Qf7+ Kh8 30. Rf2 Qe5 31. Kh1 Qe4+ 32. Qf3 Qe5 33. Nc7 Rc8
34. Ne6 h6 35. Bd3 Qe1+ 36. Rf1 Ne5 37. Rxe1 Nxf3 38. Rf1 Ne5 39. Be2 a6 40. a4
Re8 41. Rf8+ Rxf8 42. Nxf8 Kg8 43. Ne6 b6 44. Kg2 Kf7 45. Nd8+ Kf6 46. Nc6 Nd7
47. Kg3 g5 48. Bd3 Ne5 49. Be2 Nd7 50. a5 bxa5 51. Nxa5 Ke5 52. Kf3 Kf6 53. Ke4
Nb6 54. Nb7 Nc8 55. Bd3 Kg6 56. Na5 Kf6 57. Nc6 Kg6 58. Kf3+ Kf6 59. Bf5 Nb6
60. Bd3 Nd7 61. Ke3 Nb6 62. Kd2 Nd7 63. Kc3 Nb6 64. Kb3 Kg7 65. Ne7 Kf6 66. Nf5
Ke5 67. Nxh6 Kf4 68. Nf7 Kg3 69. Nxg5 Nd7 70. Ne4+ Kxh3 71. g5 Nf8 72. Nxd6 Kh4
73. g6 Nxg6 74. Bxg6 Kg5 75. Bf7 Kf6 76. Be6 Ke7 77. Ne4 a5 78. Nxc5 Kd6 79.
Nb7+ Kc7 80. Nxa5 Kb6 81. d6 Kxa5 82. d7 Kb6 83. d8=Q+ Kc6 84. Kb4 Kb7 85. Kb5
Ka7 86. Qc7+ Ka8 87. Bd5# 1-0

[Event "Dundee & Angus Challengers"]
[Site "?"]
[Date "2012.10.14"]
[Round "4"]
[White "Mitchell, Jeremy J"]
[Black "Bauld, Robin W"]
[Result "1-0"]
[WhiteElo "1708"]
[BlackElo "1728"]
[PlyCount "100"]
[EventDate "2012.??.??"]

1. e4 c5 2. c3 Nf6 3. e5 Nd5 4. d4 cxd4 5. Nf3 Nc6 6. cxd4 e6 7. Bc4 Nb6 8. Bb3
d6 9. O-O dxe5 10. dxe5 Qxd1 11. Rxd1 Be7 12. Nc3 O-O 13. Be3 Nd7 14. Bf4 Nc5
15. Bc2 a6 16. a3 a5 17. Nb5 b6 18. Rac1 Bb7 19. Nd6 Bxd6 20. Rxd6 Rac8 21. Ng5
h6 22. Ne4 Ne7 23. Nc3 Nf5 24. Bxf5 exf5 25. Be3 Ne4 26. Rxb6 Nxc3 27. bxc3 Be4
28. f3 Bd3 29. Rd6 Bc4 30. Bd4 a4 31. Rb6 Rfd8 32. Kf2 Rb8 33. Rcb1 Rxb6 34.
Rxb6 Rc8 35. Ke3 Kf8 36. Rb4 Bb3 37. Kd3 Ke7 38. c4 g6 39. c5 Rc6 40. Rb7+ Ke6
41. Kc3 h5 42. Kb4 Rc8 43. Rb6+ Kd7 44. Kb5 Kc7 45. Rc6+ Kd7 46. Rd6+ Kc7 47.
c6 Rb8+ 48. Kc5 Be6 49. Bc3 Ra8 50. Kb5 Ra7 1-0

[Event "Dundee & Angus Challengers"]
[Site "?"]
[Date "2012.10.14"]
[Round "4"]
[White "Aitchison, A Keith"]
[Black "Robinson, Stephen"]
[Result "0-1"]
[WhiteElo "1618"]
[BlackElo "1707"]
[PlyCount "122"]
[EventDate "2012.??.??"]

1. e4 e6 2. d4 d5 3. exd5 exd5 4. c4 c6 5. Nc3 Bb4 6. Nf3 Bg4 7. Be3 Qa5 8. Bd2
Nf6 9. a3 Bxc3 10. Bxc3 Qc7 11. Be2 O-O 12. O-O Nbd7 13. h3 Bxf3 14. Bxf3 dxc4
15. Qc2 Nd5 16. Bd2 b5 17. a4 N7b6 18. axb5 cxb5 19. Ba5 Rad8 20. Qf5 Qf4 21.
Qc2 Rd6 22. Bd2 Qxd4 23. Rxa7 Nd7 24. Ra5 Ne5 25. Be4 Nd3 26. Bxd3 cxd3 27. Qb3
b4 28. Rb5 Rfd8 29. Rc1 Nf4 30. Rc4 Ne2+ 31. Kf1 Qa7 32. Qd1 Ra6 33. Be1 h6 34.
Rbxb4 d2 35. Kxe2 Re6+ 36. Re4 Qa6+ 37. Kf3 Qd3+ 38. Re3 Qd5+ 39. Ke2 Rxe3+ 40.
fxe3 dxe1=Q+ 41. Qxe1 Qxg2+ 42. Qf2 Rd2+ 43. Kxd2 Qxf2+ 44. Kd3 Qf1+ 45. Kd4
Qxh3 46. Rb8+ Kh7 47. Rb7 Kg6 48. b4 Qg4+ 49. Kd3 Qd1+ 50. Kc3 f5 51. b5 Qf3
52. Rb6+ Kg5 53. Rc6 f4 54. Rc5+ Kh4 55. Kb4 Qxe3 56. b6 Qd2+ 57. Kb5 Qd7+ 58.
Ka6 Qa4+ 59. Kb7 f3 60. Kb8 f2 61. b7 Qf4+ 0-1

[Event "Dundee & Angus Challengers"]
[Site "?"]
[Date "2012.10.14"]
[Round "4"]
[White "Ridge, Michael"]
[Black "Deary, Daniel"]
[Result "1-0"]
[WhiteElo "1800"]
[BlackElo "1649"]
[PlyCount "45"]
[EventDate "2012.??.??"]

1. e4 c5 2. Nc3 Nc6 3. f4 g6 4. Nf3 Bg7 5. Bb5 Nd4 6. O-O a6 7. Bc4 e6 8. d3
Ne7 9. e5 b5 10. Bb3 d6 11. Ne4 Nxf3+ 12. Qxf3 d5 13. Nd6+ Kf8 14. c4 Nf5 15.
Nxf5 gxf5 16. cxd5 Bb7 17. Be3 exd5 18. Bxc5+ Ke8 19. Qh5 Qd7 20. e6 Qc7 21.
exf7+ Kd7 22. Qxf5+ Kd8 23. Qg5+ 1-0

[Event "Dundee & Angus Challengers"]
[Site "?"]
[Date "2012.10.14"]
[Round "4"]
[White "Kosznik, Dariusz"]
[Black "Milton, Carl"]
[Result "1-0"]
[WhiteElo "1625"]
[BlackElo "1505"]
[PlyCount "40"]
[EventDate "2012.??.??"]

1. d4 d5 2. c4 c6 3. Nc3 Nf6 4. e3 e6 5. Nf3 Nbd7 6. a3 Be7 7. Bd3 a6 8. Kf1
dxc4 9. Bxc4 b5 10. Ba2 c5 11. d5 exd5 12. Nxd5 Bb7 13. e4 O-O 14. Bf4 Re8 15.
Nc7 Nxe4 16. Nxa8 Bxa8 17. Qc2 Ng5 18. Nxg5 Bxg5 19. Bg3 Qb6 20. Qf5 Qc6 1-0

[Event "Dundee & Angus Challengers"]
[Site "?"]
[Date "2012.10.14"]
[Round "5"]
[White "Thomas, Daniel R"]
[Black "Smith, Stephen H"]
[Result "0-1"]
[WhiteElo "1741"]
[BlackElo "1708"]
[PlyCount "42"]
[EventDate "2012.??.??"]

1. d4 Nf6 2. c4 e6 3. Nf3 Bb4+ 4. Bd2 Qe7 5. a3 Bxd2+ 6. Nbxd2 d5 7. g3 O-O 8.
Bg2 b6 9. O-O Bb7 10. Qc2 Na6 11. b4 c5 12. b5 Nc7 13. Ne5 cxd4 14. Nb3 Nd7 15.
Nxd7 Qxd7 16. Nxd4 Rfc8 17. Rac1 Ne8 18. Qb3 dxc4 19. Rxc4 Bxg2 20. Rxc8 Bd5
21. Rxa8 Bxb3 0-1

[Event "Dundee & Angus Challengers"]
[Site "?"]
[Date "2012.10.14"]
[Round "5"]
[White "Abdulla, Nihad"]
[Black "Flockhart, Hugh S"]
[Result "1/2-1/2"]
[WhiteElo "1648"]
[BlackElo "1576"]
[PlyCount "40"]
[EventDate "2012.??.??"]

1. c4 Nf6 2. g3 d5 3. cxd5 Nxd5 4. Nc3 e5 5. Bg2 Ne7 6. Nf3 Nbc6 7. O-O g6 8.
d3 Bg7 9. Bd2 O-O 10. Rc1 Nd4 11. Nxd4 exd4 12. Ne4 c6 13. Ng5 Nd5 14. Qb3 h6
15. Nf3 Qb6 16. Qxb6 axb6 17. a3 Re8 18. Rfe1 Be6 19. Rc2 Rad8 20. Nh4 Bg4
1/2-1/2

[Event "Dundee & Angus Challengers"]
[Site "?"]
[Date "2012.10.14"]
[Round "5"]
[White "Hargrave, Ian"]
[Black "Grundy, Thomas"]
[Result "1/2-1/2"]
[WhiteElo "1765"]
[BlackElo "1709"]
[PlyCount "44"]
[EventDate "2012.??.??"]

1. e4 e5 2. Nf3 Nc6 3. d4 exd4 4. Nxd4 Nf6 5. Nxc6 bxc6 6. e5 Qe7 7. Qe2 Nd5 8.
c4 Ba6 9. b3 g6 10. Bb2 Bg7 11. Nd2 O-O 12. Qe4 Nb4 13. a3 d5 14. cxd5 Nd3+ 15.
Bxd3 Bxd3 16. Qxd3 Bxe5 17. Qe4 Bxb2 18. Qxe7 Rfe8 19. Qxe8+ Rxe8+ 20. Kd1 Bxa1
21. dxc6 Re6 22. Re1 Rxc6 1/2-1/2

[Event "Dundee & Angus Challengers"]
[Site "?"]
[Date "2012.10.14"]
[Round "5"]
[White "Lawson, Robert"]
[Black "Deary, David"]
[Result "1/2-1/2"]
[WhiteElo "1605"]
[BlackElo "1715"]
[PlyCount "61"]
[EventDate "2012.??.??"]

1. d4 d5 2. Nf3 Nf6 3. e3 Bf5 4. Bd3 Bxd3 5. cxd3 e6 6. Nc3 Be7 7. O-O O-O 8.
a3 b6 9. b4 c5 10. bxc5 bxc5 11. dxc5 Bxc5 12. Ne2 Nbd7 13. Bb2 Rb8 14. Qc2 Qc7
15. Bxf6 Nxf6 16. Rfc1 Rfc8 17. Qa4 Qe7 18. Ne5 Qb7 19. h3 Bb6 20. Rab1 Rxc1+
21. Rxc1 Rc8 22. Nc6 Rc7 23. Qc2 Kf8 24. Qa4 Nd7 25. d4 Nb8 26. Qb4+ Ke8 27.
Nxb8 Rxc1+ 28. Nxc1 Qxb8 29. Nd3 Bc7 30. Kf1 Qxb4 31. axb4 1/2-1/2

[Event "Dundee & Angus Challengers"]
[Site "?"]
[Date "2012.10.14"]
[Round "5"]
[White "Bauld, Robin W"]
[Black "Shafi, Declan"]
[Result "1/2-1/2"]
[WhiteElo "1728"]
[BlackElo "1309"]
[PlyCount "77"]
[EventDate "2012.??.??"]

1. e4 c5 2. Nf3 d6 3. Bb5+ Bd7 4. Bxd7+ Qxd7 5. c4 Nf6 6. Nc3 g6 7. d4 cxd4 8.
Nxd4 Nc6 9. O-O Bg7 10. f3 Nxe4 11. fxe4 Bxd4+ 12. Kh1 O-O 13. Bf4 Be5 14. c5
Bxf4 15. Rxf4 Rad8 16. Nd5 dxc5 17. Qd2 Kg7 18. Rh4 Rh8 19. Qh6+ Kg8 20. Rf1
Qd6 21. Rhf4 Rf8 22. Rf6 Qe5 23. h3 Qxe4 24. Nc3 Qe5 25. R1f5 Qd4 26. Nd5 Qe4
27. Nc3 Qe1+ 28. Rf1 Qe5 29. R1f5 Qc7 30. Nd5 Qd7 31. Qf4 Nd8 32. Re5 Nc6 33.
Rxc6 bxc6 34. Nxe7+ Kg7 35. Nf5+ Kf6 36. Nh6+ Kg7 37. Nf5+ Kf6 38. Nh6+ Kg7 39.
Nf5+ 1/2-1/2

[Event "Dundee & Angus Challengers"]
[Site "?"]
[Date "2012.10.14"]
[Round "5"]
[White "Deary, Daniel"]
[Black "Smith, John S R"]
[Result "*"]
[WhiteElo "1649"]
[BlackElo "1745"]
[PlyCount "94"]
[EventDate "2012.??.??"]

1. e4 c5 2. Nc3 Nc6 3. f4 e6 4. Nf3 d5 5. Bb5 Nge7 6. exd5 exd5 7. Qe2 a6 8.
Bxc6+ bxc6 9. Ne5 Qd6 10. d3 h5 11. Bd2 Bf5 12. O-O-O f6 13. Nf3 Kd7 14. h3 h4
15. Qf2 Ng6 16. Ne2 Rb8 17. g4 hxg3 18. Nxg3 Ne7 19. Rde1 g6 20. Nxf5 Nxf5 21.
Re2 Re8 22. Rxe8 Kxe8 23. h4 Rh5 24. Ng1 Bh6 25. Ne2 Kf7 26. Ng3 Rxh4 27. Rxh4
Nxh4 28. Ne4 dxe4 29. Qxh4 Kg7 30. dxe4 Qd4 31. Qe1 g5 32. Bc3 Qc4 33. e5 Qxf4+
34. Kb1 Kf7 35. exf6 Bf8 36. Qh1 Kg6 37. b3 g4 38. Qxc6 Bh6 39. Qe8+ Kg5 40. f7
Kh4 41. Qe1+ g3 42. Qh1+ Kg4 43. Qd1+ Qf3 44. Qxf3+ Kxf3 45. Be5 g2 46. Bh2 Kf2
47. c4 Kf3 *

[Event "Dundee & Angus Challengers"]
[Site "?"]
[Date "2012.10.14"]
[Round "5"]
[White "Parks, Joe"]
[Black "Mitchell, Jeremy J"]
[Result "0-1"]
[WhiteElo "1844"]
[BlackElo "1708"]
[PlyCount "94"]
[EventDate "2012.??.??"]

1. d4 Nf6 2. c4 g6 3. Nc3 d5 4. cxd5 Nxd5 5. e4 Nxc3 6. bxc3 Bg7 7. Be3 O-O 8.
Qd2 c5 9. Nf3 Qa5 10. Rc1 cxd4 11. cxd4 Qxd2+ 12. Kxd2 Nc6 13. d5 Rd8 14. Bd3
Nb4 15. Bb1 e6 16. Bc5 exd5 17. Ke2 Na6 18. Rhd1 Nxc5 19. Rxc5 d4 20. h3 b6 21.
Rc7 Ba6+ 22. Bd3 Bxd3+ 23. Kxd3 h6 24. Rdc1 a5 25. Nd2 Be5 26. R7c6 Rd6 27. g3
g5 28. Nf3 Rxc6 29. Rxc6 Bg7 30. Rxb6 Rc8 31. Ne1 Rc3+ 32. Kd2 Ra3 33. Rb2 d3
34. Rb8+ Kh7 35. Nxd3 Rxa2+ 36. Ke3 a4 37. Rb7 Kg6 38. Rb6+ Kh7 39. Rb7 Kg8 40.
Rb8+ Bf8 41. Ne5 Kg7 42. Nd7 Bd6 43. Rb7 a3 44. e5 Rb2 45. Ra7 Bb4 46. Ra4 a2
47. Nb8 Bc5+ 0-1

[Event "Dundee & Angus Challengers"]
[Site "?"]
[Date "2012.10.14"]
[Round "5"]
[White "Kleboe, James"]
[Black "Koznik, Dariusz"]
[Result "1-0"]
[WhiteElo "1724"]
[BlackElo "1625"]
[PlyCount "103"]
[EventDate "2012.??.??"]

1. e4 e6 2. d4 d5 3. Bd3 Nf6 4. e5 Nfd7 5. Nf3 c5 6. c3 Nc6 7. a3 cxd4 8. cxd4
Qb6 9. Bc2 Be7 10. O-O f6 11. Re1 O-O 12. Nc3 fxe5 13. Na4 Qc7 14. dxe5 Ncxe5
15. Nxe5 Nxe5 16. f4 Nf7 17. Be3 b6 18. Rc1 Qd7 19. Qh5 Nh6 20. g4 Qe8 21. Qh3
Bd7 22. Nc3 Qf7 23. f5 Bc5 24. fxe6 Bxe3+ 25. Qxe3 Bxe6 26. Qxe6 Qxe6 27. Rxe6
Rad8 28. Bb3 Nxg4 29. Bxd5 Kh8 30. Rce1 Nf6 31. Bb3 Rd2 32. R1e2 Rd4 33. h3 h6
34. Kh2 h5 35. Ne4 Nxe4 36. R6xe4 Rxe4 37. Rxe4 Rf2+ 38. Kg3 Rxb2 39. Re8+ Kh7
40. Bg8+ Kg6 41. Re6+ Kf5 42. Re7 g5 43. Rf7+ Kg6 44. Rxa7 h4+ 45. Kf3 Kf5 46.
Re7 Rd2 47. Re3 Kf6 48. Rb3 Rd6 49. Bh7 Ke5 50. Rb5+ Kf6 51. Be4 Re6 52. Rf5+
1-0

[Event "Dundee & Angus Major"]
[Site "?"]
[Date "2012.10.12"]
[Round "1"]
[White "Andrews, Norman"]
[Black "Milton, Anna"]
[Result "1/2-1/2"]
[WhiteElo "1546"]
[BlackElo "1327"]
[PlyCount "59"]
[EventDate "12.??.??"]

1. e4 c5 2. Nc3 e6 3. f4 Nc6 4. Nf3 d6 5. Bb5 Nf6 6. Bxc6+ bxc6 7. O-O Be7 8.
e5 Nd5 9. d3 Nxc3 10. bxc3 d5 11. Qe1 O-O 12. Qg3 Kh8 13. Bd2 Rb8 14. Rfb1 Ba6
15. Rb3 c4 16. Rbb1 Rxb1+ 17. Rxb1 cxd3 18. cxd3 Bxd3 19. Rb2 Bc4 20. Nd4 c5
21. Nc6 Qc7 22. Nxe7 Qxe7 23. Qf2 Rc8 24. Be3 h6 25. Qe1 Qc7 26. Qb1 Kg8 27.
Bf2 Qa5 28. Be1 Qc7 29. Bf2 Qa5 30. Be1 1/2-1/2

[Event "Dundee & Angus Major"]
[Site "?"]
[Date "2012.10.12"]
[Round "1"]
[White "Sani, Leonardo"]
[Black "Park, Frank"]
[Result "1-0"]
[WhiteElo "1072"]
[BlackElo "1438"]
[PlyCount "56"]
[EventDate "12.??.??"]

1. c4 c6 2. Nc3 e6 3. g3 d5 4. cxd5 cxd5 5. d4 Bd6 6. Bg2 Nf6 7. Bg5 O-O 8. e3
b6 9. e4 Be7 10. exd5 Bb7 11. Nge2 Nxd5 12. Bxe7 Qxe7 13. Nxd5 Bxd5 14. Bxd5
exd5 15. O-O Nd7 16. Re1 Rfe8 17. Nc3 Qd6 18. Qb3 Nf6 19. Nb5 Qd7 20. Rxe8+
Rxe8 21. Rc1 g6 22. Kg2 Re2 23. Nc3 Rd2 24. Rd1 Rxd1 25. Qxd1 Qe6 26. Qf3 Kf8
27. Nb5 a6 28. Nc7 Qd7 1-0

[Event "Dundee & Angus Major"]
[Site "?"]
[Date "2012.10.12"]
[Round "1"]
[White "Congalton, David"]
[Black "Walsh, Peter"]
[Result "1-0"]
[WhiteElo "1293"]
[BlackElo "1535"]
[PlyCount "105"]
[EventDate "12.??.??"]

1. d4 Nf6 2. c4 e6 3. g3 d5 4. Bg2 Nbd7 5. Nf3 Be7 6. O-O O-O 7. Qc2 c6 8. Rd1
h6 9. b3 Qc7 10. Nc3 b6 11. Bf4 Bd6 12. Bxd6 Qxd6 13. cxd5 exd5 14. Rac1 Bb7
15. Nh4 Rfe8 16. Rd3 Rac8 17. Nf5 Qf8 18. Qd2 Ne4 19. Nxe4 dxe4 20. Rdc3 Nf6
21. Ne3 Rcd8 22. Qb2 Rxd4 23. Rxc6 Bxc6 24. Qxd4 Bb5 25. Qb2 Qb4 26. a3 Qe7 27.
b4 Rd8 28. Bh3 g6 29. Rc8 Rxc8 30. Bxc8 Qd6 31. Bh3 h5 32. Bg2 Ng4 33. Nxg4
Qd1+ 34. Bf1 hxg4 35. Kg2 Bc6 36. e3 Ba4 37. Be2 Qd7 38. Qc1 Kh7 39. Qb2 Qe6
40. Qc3 b5 41. Qb2 a6 42. Qc3 Bb3 43. Qb2 Bc4 44. Bf1 Bd3 45. Qc3 Qd5 46. Qb2
Qc4 47. Qa1 Qb3 48. Kg1 Qc2 49. Kg2 Bc4 50. Kg1 Bd3 51. Kg2 Qb1 52. Qxb1 Bxb1
53. h3 1-0